Loading...
| History - Other | 0 | 6 | 0 | 2 | 60 | 30 | 76.67 | 0 | 3 | 16.26 | 27.41 |
| History - American | 0 | 6 | 0 | 1 | 60 | 31 | 75.33 | 1 | 2 | 17.39 | 27.11 |
| History - World | 0 | 5 | 0 | 1 | 50 | 64 | 79.40 | 1 | 1 | 11.87 | 20.51 |
| Science - Other | 0 | 4 | 0 | 1 | 40 | 72 | 92.75 | 0 | 1 | 8.06 | 14.39 |
| Geography | 0 | 4 | 0 | 1 | 40 | 50 | 88.25 | 0 | 1 | 14.30 | 33.56 |
| Religion | 0 | 4 | 0 | 0 | 40 | 48 | 66.00 | 0 | 2 | 15.72 | 18.29 |
| Science - Biology | 0 | 3 | 0 | 1 | 30 | 42 | 71.33 | 0 | 1 | 8.96 | 11.64 |
| Social Science | 0 | 1 | 0 | 0 | 10 | 93 | 93.00 | 0 | 0 | 1.93 | 6.82 |
| Fine Arts - Other | 0 | 1 | 0 | 0 | 10 | 20 | 20.00 | 0 | 1 | 7.50 | 6.61 |
| Fine Arts - Painting and Sculpture | 0 | 1 | 0 | 0 | 10 | 34 | 34.00 | 1 | 1 | 5.94 | 9.09 |
| Literature - European | 0 | 1 | 0 | 0 | 10 | 79 | 79.00 | 0 | 0 | 3.11 | 4.96 |
| Literature - World | 0 | 1 | 0 | 0 | 10 | 68 | 68.00 | 0 | 0 | 3.26 | 4.96 |
| Mythology | 0 | 1 | 0 | 0 | 10 | 74 | 74.00 | 0 | 0 | 3.53 | 3.64 |
| Philosophy | 0 | 1 | 0 | 0 | 10 | 36 | 36.00 | 0 | 1 | 8.25 | 11.36 |
| Fine Arts - Classical Music | 0 | 1 | 0 | 0 | 10 | 113 | 113.00 | 0 | 0 | 1.07 | 4.55 |
| History - European | 0 | 1 | 1 | 0 | 5 | 58 | 58.00 | 0 | 0 | 4.07 | 4.96 |
| Science - Chemistry | 0 | 0 | 1 | 0 | -5 | 0.00 | 0 | 0 | 0.00 | 0.00 |